000
00334nam a22001457a 4500
008
211012b ||||| |||| 00| 0 eng d
020
_a
9780312463717
041
_a
eng
080
_a
821
082
_a
821
100
_a
21
101
_a
GJL
245
_a
The Bedford Anthology of American Literature
_c
Belasco,S
942
_2
udc
_c
BK
999
_c
58193
_d
58193